| 000 | 01512nam a22003857a 4500 | ||
|---|---|---|---|
| 003 | CHAP | ||
| 005 | 20220329133328.0 | ||
| 008 | 971013s1989 r 10010 d | ||
| 010 | _a4980 | ||
| 011 | _a5952 | ||
| 035 | _a5168 | ||
| 040 | _cCHAP | ||
| 082 |
_a636.08 _bR46 1989 |
||
| 111 | 0 | 0 |
_aReunión de Investigación Pecuaria en México ( _d1989 _c: México, D.F.) _996315 |
| 245 | _aMemorias | ||
| 260 |
_aMéxico, D. F. : _bSecretaría de Agricultura y Recursos Hidráulicos, _c1989 |
||
| 300 | _a245 p. | ||
| 500 | _a55-111 | ||
| 500 | _aTit. varía Reunión Nacional de Investigación Pecuaria en México | ||
| 590 |
_aBATCH-UPD _b10 _c20130110 _lUCH01 _h1436 |
||
| 590 |
_aBATCH-UPD _b10 _c20130410 _lUCH01 _h0910 |
||
| 590 |
_aBATCH-UPD _b10 _c20130914 _lUCH01 _h1454 |
||
| 590 |
_aCONVERSION _b10 _c20130109 _lUCH01 _h1304 |
||
| 650 | 1 | 4 |
_aGanadería _xCongresos. _944677 |
| 650 | 1 | 4 |
_aGanadería _xInvestigación _zMéxico. _944808 |
| 710 | 0 |
_aINIFAP. México. _958722 |
|
| 901 | _aBK | ||
| 942 | _cLIBRO | ||
| 949 |
_a636.08 R46 1989 _bBC _cCONG _d-14735 _eCONG _h81698 _i5168 _si |
||
| 949 |
_a636.08 R46 1989 _bBC _cLIBRO _d33724000261293 _eLIBRO _fc.3 _h83186 _i5168 _si |
||
| 949 |
_a636.08 R46 1989 _bBC _cLIBRO _d33724000261301 _eLIBRO _fc.4 _h83187 _i5168 _si |
||
| 949 |
_a636.08 R46 1989 _bBC _cLIBRO _d33724000261319 _eLIBRO _fc.2 _h83185 _i5168 _si |
||
| 949 |
_a636.08 R46 1989 _bBC _cLIBRO _d33724000774410 _eLIBRO _fc.5 _gDonaciØn _h96718 _i5168 _sb |
||
| 949 |
_a636.08 R46 1989 _bZ _cLIBRO _d-397 _eLIBRO _h632 _i5168 _sb |
||
| 999 |
_c4980 _d4980 |
||